European countries by elevation, highest to lowest - Statistics

General Stats
  • This quiz has been taken 31 times
  • The average score is 33 of 47
Answer Stats
# Mountain Elevation (m) Country % Correct
6 Grossglockner 3,798 Austria
100%
3 Mont Blanc / Monte Bianco 4,809 France, Italy
100%
1 Elbrus 5,642 Russia
100%
4 Dufourspitze 4,634 Switzerland
100%
2 Shkhara 5,193 Georgia
96%
12 Mount Olympus 2,917 Greece
96%
8 Gunnbjørn Fjield (Møllehøj) 3,694 (171) Denmark
92%
9 Zugspitze 2,962 Germany
92%
5 Bazardüzü 4,466 Azerbaijan
88%
47 Vatican Hill 75 Vatican City
88%
46 Chemin des Révoires 163 Monaco
85%
21 Galdhøpiggen 2,469 Norway
85%
23 Mount Pico (Serra da Estrela) 2,351 (1,993) Portugal
81%
18 Moldoveanu Peak 2,544 Romania
77%
16 Gerlachovský štít 2,655 Slovakia
77%
10 Coma Pedrosa 2,942 Andorra
73%
25 Hvannadalshnúkur 2,110 Iceland
73%
13 Triglav 2,864 Slovenia
73%
7 Teide 3,718 Spain
73%
22 Maglić 2,386 Bosnia and Herzegovina
69%
17 Vorder Grauspitz 2,599 Liechtenstein
69%
36 Mount Scenery (Vaalserberg) 887 (321) Netherlands
69%
31 Ben Nevis 1,345 United Kingdom
69%
14 Mount Korab 2,764 Albania, North Macedonia
65%
20 Rysy 2,499 Poland
65%
37 Monte Titano 749 San Marino
65%
24 Midžor 2,168 Serbia
65%
38 Signal de Botrange 694 Belgium
62%
28 Mount Olympus 1,952 Cyprus
62%
39 Kneiff 560 Luxembourg
62%
45 Ta' Dmejrek 253 Malta
62%
19 Zla Kolata 2,534 Montenegro
62%
41 Dzyarzhynskaya Hara 345 Belarus
58%
11 Musala 2,925 Bulgaria
58%
30 Sněžka 1,603 Czechia
58%
42 Suur Munamägi 318 Estonia
58%
33 Carrauntoohil 1,041 Ireland
58%
15 Maja e Njeriut 2,658 Kosovo
58%
43 Gaiziņkalns 312 Latvia
58%
44 Aukštojas Hill 294 Lithuania
58%
40 Bălănești Hill 430 Moldova
58%
32 Halti 1,324 Finland
54%
35 Kékes 1,014 Hungary
54%
26 Kebnekaise 2,104 Sweden
54%
27 Hoverla 2,061 Ukraine
54%
29 Dinara 1,831 Croatia
46%
34 Mahya Dağı 1,031 Turkey
38%
No matching quizzes found
Score Distribution
Percent of People with Each Score
Percentile by Number Answered
Your Score History
You have not taken this quiz